000 00446nam a22001817a 4500
005 20200517160147.0
008 200517b xxu||||| |||| 00| 0 eng d
020 _a9788193697276
041 _aeng
082 _a615 SIN
100 _aSINGH Dr. RAVINDRA PAL
_95449
245 _aPHARMACEUTICS-I
250 _a1'ST
260 _aNew Delhi
_bCBS Publishers and distributors
_c2019
300 _a170, x
650 _aPharmacy
_95450
942 _cBK
999 _c6242
_d6240